000 00372 a2200145 4500
005 20260314083916.0
020 _a9781119713081
100 _aPIPER,B
245 _aAWS Certified Solutions Architect Study Guide
250 _a3rd Ed
260 _aIndiana
_bSYBEX
_c2021
300 _axxxv,427p;ill:pictures,tables
_bApendix
_c23.5cm
700 _aCLINTON,D
942 _2ddc
_cBKS
999 _c6825
_d6825